000 00852nam a2200229 a 4500
001 000023952
005 20200930022609.0
008 110117s1962 sp c r 001 0 spa d
040 _aDO-SdBNP
_bspa
_cBNPHU
082 _axxxx
_bS558a
100 1 _aShirer, William L.
_949271
245 1 0 _aAuge y caída del tercer Reich :
_buna historia de la alemania nazi /
_cWilliam L. Shirer ; traducción Jesús López Pacheco , Mariano Orta Manzano.
260 _aBarcelona :
_bLuis de Caralt,
_c1962.
300 _a702 p. :
_bretrs. ;
_c22.5 cm.
490 1 _aLa vida vivida.
504 _aIncluye referencias biográficas y notas al pie de las páginas.
500 _aIncluye índice de ilustraciones
700 1 _aLópez Pacheco, jesús,
_etr.
_925523
700 1 _aOrta Manzano, Mariano,
_etr.
_948187
830 0 _aLa vida vivida.
_949272
049 _aBNGR
999 _c23448
_d23448